• 首页
  • 本馆介绍
  • 公告通知
  • 最新文献
  • 馆藏检索
  • 电子资源
  • 读者导购
  • 参考咨询
  • 我的图书馆
  • 登录
  • 详细信息显示
  • 放入我的书架
  • 预约/预借图书
  • 作者相关作品
  • 分类相关作品
  • 丛书相关作品
  • 出版社相关作品

书目信息

  • 表格格式
  • 工作单格式
  • 卡片格式
题名:
半导体化学
    
 
作者: ;电子工业半导体专业工人技术教材编写 编
分册:  
出版信息: 上海   上海科学技术文献出版社  1983
页数: 227页
开本: 19cm
丛书名:
单 册:
中图分类: O649
科图分类:
主题词: 半导体化学
电子资源:
ISBN:
000 00666nam0 2200217 45
001 0183006572
005 20060801083905.37
010    @dCNY0.78
100    @a19950706d1983 em y0chiy0121 ea
101 0  @achi
102    @aCN@b310000
105    @ay z 000yy
200 10 @a半导体化学@Aban dao ti hua xue@f电子工业半导体专业工人技术教材编写编
210    @a上海@c上海科学技术文献出版社@d1983
215    @a227页@d19cm
606    @a半导体化学
690    @aO649@v3
711 02 @a电子工业半导体专业工人技术教材编写@Adian zi gong ye ban dao ti zhuan ye gong ren ji shu jiao cai bian xie@4编
801  2 @aCN@bNLC@c20060801
801  0 @aCN@bTSSF
905    @a10447@dO649@e116
    
    半导体化学/电子工业半导体专业工人技术教材编写编.-上海:上海科学技术文献出版社,1983
    227页;19cm
    
    
    ISBN :CNY0.78
    
●
相关链接 在E读中查询图书 在五车中查询图书 在当当中查询图书 在豆瓣中查询图书


正题名:半导体化学     索取号:O649/116         预约/预借

序号 登录号 条形码 馆藏地/架位号 状态 备注
1 0434207   204342078   密集书库/ [索取号:O649/116] 在馆    
唐山师范学院图书馆 欢迎您!
大连网信软件有限公司© 版权所有